seniorzy ekstraliga 2013-2023 - Statystyki

Ogólne statystyki
  • Ten quiz został rozwiązany 40 razy
  • Średni wynik to 292 z 417
Statystyki odpowiedzi
Hint Odpowiedź % Poprawnych
Zmarzlik
94%
Holder
91%
Janowski
91%
Pedersen
91%
Łaguta
88%
Pawlicki
88%
Vaculik
88%
Woffinden
88%
Doyle
85%
Dudek
85%
Kołodziej
85%
Madsen
85%
Miedziński
85%
Sajfutdinow
85%
Fricke
82%
Gollob
82%
Michelsen
82%
Thomsen
82%
Woźniak
82%
Hampel
79%
Lindgren
79%
Woryna
79%
Zagar
79%
Holta
76%
Kasprzak
76%
Protasiewicz
76%
Smektała
76%
Walasek
76%
Bjerre
73%
Hancock
73%
Lambert
73%
Przedpełski
73%
Bewley
70%
Buczkowski
70%
Drabik
70%
Iversen
70%
Jepsen Jensen
70%
Lebiediew
67%
MIlik
67%
Milik
67%
Zengota
67%
Jonsson
64%
Kurtz
64%
Lidsey
64%
Hansen
61%
Kildemand
61%
Lampart
61%
Lindbaeck
61%
Miśkowiak
61%
Gapiński
58%
Musielak
58%
Ward
58%
Fajfer
52%
Tarasienko
52%
Czugunow
48%
Batchelor
42%
Pieszczek
42%
Ułamek
42%
Baliński
39%
Jędrzejak
39%
Ljung
39%
Pavlic
39%
Rybnik(2020) Szczepaniak
39%
Andersen
36%
Bellego
36%
Łoktajew
36%
Okoniewski
36%
Sundstroem
36%
Kościuch
33%
Jakobsen
30%
Jamróg
30%
Jeppesen
30%
Gomólski
24%
Jasiński
24%
Jonasson
24%
Świderski
24%
Szombierski
24%
Jabłoński
21%
Jeleniewski
21%
Karpow
21%
Krakowiak
21%
Łogaczew
21%
Davidsson
18%
Karczmarz
18%
Larsen
18%
Nermark
18%
Thorssell
18%
Kościecha
12%
Baran
9%
Mroczka
9%
Szymko
9%
Brzozowski
6%
Watt
6%
Hlib
3%
Gafurow
0%
Suchecki
0%
Nie znaleziono quizów pasujących do podanych kryteriów
Rozkład punktacji
Procent ludzi z każdym wynikiem
Percentyl według liczby udzielonych odpowiedzi
Twoja historia wyników
Nie rozwiązałeś tego quizu